Sopky v dejinách /

Salvato in:
Dettagli Bibliografici
Autore principale: Činčura, Juraj (Autore)
Natura: Libro
Lingua:slovacco
Pubblicazione: Bratislava Vydavateľstvo Obzor, n. p. 1988
Edizione:1. vydanie
Serie:Periskop
Tags: Aggiungi Tag
Nessun Tag, puoi essere il primo ad aggiungerne!!

MARC

LEADER 00000nam a22000003a 4500
001 0102101
003 SK-STU
005 20230523111405.1
007 ta
008 230523s ----xo-----e------000-0-----d
040 |a STU  |b slo 
041 0 |a slo 
044 |a xo 
100 1 |a Činčura, Juraj  |4 aut 
245 1 0 |a Sopky v dejinách /  |c aut. Juraj Činčura 
250 |a 1. vydanie 
260 |a Bratislava  |b Vydavateľstvo Obzor, n. p.  |c 1988 
300 |a 256 s. 
490 0 |a Periskop 
996 |c I* 4SOA13910  |l I  |s A  |a 24  |w 0102101_0001